000 01314nam a2200349 a 4500
001 000113748
003 CHAP
005 20220329144411.0
008 170914s2017 mx sm |||||||spa d
010 _a110209
011 _a111181
040 _cCHAP
090 _aTesis
100 1 _aCervantes Gaeta, Héctor Manuel
_9133381
245 1 0 _aAplicación de un modelo hidraulico unidimensional en drenes
_h[En línea]
_cpor Héctor Manuel Cervantes Gaeta.
260 _aChapingo, Méx. :
_bEl autor,
_c2017.
500 _aPara ver el contenido del material haga clic en la liga
502 _aTesis (Ing. en Recursos Naturales Renovables) -- UACH. Departamento de Suelos
590 _aBATCH
_b00
_c20181121
_lUCH01
_h0759
590 _aE11695DGD
_b10
_c20170914
_lUCH01
_h1425
590 _aE5765TAJ
_b05
_c20170914
_lUCH01
_h0947
650 1 4 _aCuencas
_xEscurrimientos
_xMedición.
_9131602
650 1 4 _aDrenaje
_xModelos matemáticos.
_934204
650 1 4 _aIngeniería hidráulica
_xprocesamiento de datos.
_9124691
650 1 4 _aLevantamiento topográfico.
_966426
650 1 4 _aProcesamiento automático de datos en ingeniería hidráulica.
_991793
856 _a1
_n0001517
856 _aFinding aid
_uhttp://10.13.5.2/tesis/sist113748.pdf
_zTeclea aquí
901 _aBK
942 _cTESIS
942 _n0
999 _c110209
_d110209